[Event "Barbera del Valles op 41st"]
[Site "Barbera del Valles"]
[Date "2018.07.07"]
[Round "4"]
[White "Diaz Rubi, Felipe"]
[Black "Serrano Campos, Juan Antoni"]
[Result "1/2-1/2"]
[WhiteElo "1851"]
[BlackElo "1958"]
[PlyCount "46"]
[EventDate "2018.07.04"]
[EventType "swiss"]
[EventRounds "9"]
[EventCountry "ESP"]
[SourceTitle "CBM 185 Extra"]
[Source "ChessBase"]
[SourceDate "2018.07.29"]
[SourceVersion "1"]
[SourceVersionDate "2018.07.29"]
[SourceQuality "1"]

1. d4 f5 2. g3 Nf6 3. h4 d5 4. h5 e6 5. h6 g6 6. Bg5 Be7 7. Bg2 Ne4 8. Bxe7 Qxe7 9. c3 c5 10. Bxe4 fxe4 11. dxc5 Qxc5 12. Qd4 Qxd4 13. cxd4 Nc6 14. e3 Nb4 15. Kd2 Nd3 16. f3 Nxb2 17. fxe4 dxe4 18. Nc3 Nc4+ 19. Ke2 Nd6 20. Rh4 Nf5 21. Rh3 Nd6 22. Rh4 Nf5 23. Rh3 Nd6 1/2-1/2

[Event "Barbera del Valles op 41st"]
[Site "Barbera del Valles"]
[Date "2018.07.05"]
[Round "2"]
[White "Sapale, Saloni"]
[Black "Serrano Campos, Juan Antoni"]
[Result "1-0"]
[WhiteElo "2145"]
[BlackElo "1958"]
[PlyCount "71"]
[EventDate "2018.07.04"]
[EventType "swiss"]
[EventRounds "9"]
[EventCountry "ESP"]
[SourceTitle "CBM 185 Extra"]
[Source "ChessBase"]
[SourceDate "2018.07.29"]
[SourceVersion "1"]
[SourceVersionDate "2018.07.29"]
[SourceQuality "1"]

1. e4 d6 2. d4 Nf6 3. Nc3 Nbd7 4. Nf3 e5 5. Bc4 Be7 6. 0-0 0-0 7. Re1 c6 8. a4 Qc7 9. h3 h6 10. Bf1 Re8 11. Be3 Nf8 12. g3 Ng6 13. Kh2 a5 14. Qd2 Bf8 15. Rad1 Be6 16. Qe2 Rad8 17. Bc1 Qc8 18. b3 Qc7 19. Bb2 Qb6 20. Nb1 Qc7 21. c4 Bc8 22. Qc2 b6 23. Na3 Bb7 24. Bd3 Qe7 25. c5 dxc5 26. dxe5 Nd7 27. Nc4 Qe6 28. Qc3 Ba6 29. Rd2 Bxc4 30. Bxc4 Qe7 31. Red1 Nb8 32. Rxd8 Rxd8 33. Rxd8 Qxd8 34. e6 fxe6 35. Bxe6+ Kh8 36. Qe3 1-0

[Event "Barbera del Valles op 40th"]
[Site "Barbera del Valles"]
[Date "2017.07.10"]
[Round "7"]
[White "Serrano Campos, Juan Antoni"]
[Black "Cespedes Llaverias, Llibert"]
[Result "1/2-1/2"]
[WhiteElo "1959"]
[BlackElo "1996"]
[PlyCount "74"]
[EventDate "2017.07.04"]
[EventType "swiss"]
[EventRounds "9"]
[EventCountry "ESP"]
[SourceTitle "EXT 2018"]
[Source "ChessBase"]
[SourceDate "2017.10.13"]
[SourceVersion "1"]
[SourceVersionDate "2017.10.13"]
[SourceQuality "1"]

1. d4 Nf6 2. Bf4 e6 3. e3 c5 4. c3 cxd4 5. exd4 Be7 6. Bd3 0-0 7. Nd2 d6 8. Ngf3 b6 9. Qe2 Bb7 10. h3 Nbd7 11. 0-0 h6 12. Rfe1 Re8 13. a4 a6 14. c4 Bf8 15. Bh2 d5 16. b3 Bb4 17. Red1 Nb8 18. Rac1 dxc4 19. Rxc4 Bd6 20. Bxd6 Qxd6 21. Ne4 Nxe4 22. Bxe4 Bxe4 23. Qxe4 Nd7 24. Rdc1 Nf6 25. Qc6 Qxc6 26. Rxc6 Nd5 27. Ne5 Red8 28. Nc4 Rac8 29. Nd6 Rxc6 30. Rxc6 Ra8 31. Nc4 Rb8 32. a5 bxa5 33. Nxa5 Nb4 34. Rc7 Nd5 35. Rc6 Nb4 36. Rc7 Nd5 37. Rc6 Nb4 1/2-1/2

[Event "Barcelona Ateneu Colon op 7th"]
[Site "Barcelona"]
[Date "2012.04.24"]
[Round "3"]
[White "Munoz Pantoja, Miguel Angel"]
[Black "Serrano Campos, Juan Antoni"]
[Result "1-0"]
[WhiteElo "2494"]
[BlackElo "1998"]
[PlyCount "55"]
[EventDate "2012.04.10"]
[EventType "swiss"]
[EventRounds "9"]
[EventCountry "ESP"]
[SourceTitle "CBM 148 Extra"]
[Source "ChessBase"]
[SourceDate "2012.06.22"]
[SourceVersion "1"]
[SourceVersionDate "2012.06.22"]
[SourceQuality "1"]

1. e4 Nf6 2. e5 Ng8 3. d4 d6 4. f4 dxe5 5. fxe5 c5 6. c3 cxd4 7. cxd4 Nc6 8. Bb5 Qd5 9. Qe2 Bf5 10. Nc3 Qxd4 11. Nf3 Qd7 12. Be3 e6 13. 0-0 a6 14. Rad1 Qc7 15. Bxc6+ bxc6 16. Nd4 Bg6 17. Qc4 Ne7 18. Ndb5 axb5 19. Nxb5 Qb8 20. Nd6+ Kd7 21. Nxf7+ Nd5 22. Nxh8 Qxe5 23. Bd4 Qe4 24. Nxg6 Qxg6 25. Rc1 Rc8 26. Rxf8 Rxf8 27. Qxc6+ Ke7 28. Qb7+ 1-0

[Event "Barcelona Primavera La Lira op 4th"]
[Site "Barcelona"]
[Date "2011.05.26"]
[Round "8"]
[White "Ferrer Comas, Joan"]
[Black "Serrano Campos, Juan Antoni"]
[Result "0-1"]
[WhiteElo "1904"]
[BlackElo "2008"]
[PlyCount "86"]
[EventDate "2011.03.31"]
[EventType "swiss"]
[EventRounds "9"]
[EventCountry "ESP"]
[SourceTitle "EXT 2012"]
[Source "ChessBase"]
[SourceDate "2011.11.24"]
[SourceVersion "1"]
[SourceVersionDate "2011.11.24"]
[SourceQuality "1"]

1. d4 d5 2. Nf3 Nc6 3. e3 Bg4 4. Be2 Nf6 5. Nbd2 e6 6. b3 Bb4 7. Ne5 Bxe2 8. Qxe2 Nxe5 9. dxe5 Nd7 10. Bb2 0-0 11. 0-0 c6 12. f4 Bxd2 13. Qxd2 Nc5 14. Ba3 Ne4 15. Qb4 Qc7 16. Qe1 c5 17. Rf3 Qe7 18. Rc1 b5 19. b4 c4 20. Bb2 Rfc8 21. Bd4 c3 22. a3 a5 23. Rh3 axb4 24. axb4 Ra4 25. Rb1 Rxb4 26. Ra1 Ra4 27. Rxa4 bxa4 28. Qa1 Qb4 29. Rf3 Rb8 30. Rf1 a3 31. Rc1 Qb2 32. Kf1 a2 33. Ke2 Qb5+ 34. Kf3 Qc4 35. g3 Rb1 36. Rxb1 Nd2+ 37. Kf2 Nxb1 38. g4 Qa4 39. Bxc3 Qxc2+ 40. Kg3 Nxc3 41. h3 Ne4+ 42. Kh4 Qf2+ 43. Kh5 g6+ 0-1

[Event "Barcelona Primavera La Lira op 4th"]
[Site "Barcelona"]
[Date "2011.05.19"]
[Round "7"]
[White "Serrano Campos, Juan Antoni"]
[Black "Martorell Aubanell, Adria"]
[Result "0-1"]
[WhiteElo "2008"]
[BlackElo "2102"]
[PlyCount "122"]
[EventDate "2011.03.31"]
[EventType "swiss"]
[EventRounds "9"]
[EventCountry "ESP"]
[SourceTitle "EXT 2012"]
[Source "ChessBase"]
[SourceDate "2011.11.24"]
[SourceVersion "1"]
[SourceVersionDate "2011.11.24"]
[SourceQuality "1"]

1. e4 c5 2. Nf3 Nc6 3. d4 cxd4 4. Nxd4 g6 5. Nc3 Bg7 6. Be3 Nf6 7. Bc4 0-0 8. Bb3 a5 9. a4 Nb4 10. e5 Ne8 11. f4 d6 12. e6 f5 13. Qf3 Nc7 14. 0-0-0 Bxd4 15. Bxd4 Bxe6 16. h4 Bxb3 17. cxb3 Ne6 18. Bf2 h5 19. Rhe1 Qd7 20. Nd5 Kh7 21. Kb1 Nxd5 22. Qxd5 Nxf4 23. Qf3 Ne6 24. Qd5 Rf6 25. Rc1 Nf4 26. Qf3 e5 27. g3 Ne6 28. Qd5 Nf8 29. Bb6 Qf7 30. Qb5 Ne6 31. Red1 Qe8 32. Qd5 Qd7 33. Qxe5 dxe5 34. Rxd7+ Kg8 35. Rxb7 Rf7 36. Rxf7 Kxf7 37. Rc6 Ke7 38. Kc2 Kd7 39. Rc4 Ra6 40. Be3 Kd6 41. Kc3 Kd5 42. Rc8 Ke4 43. Kd2 Rd6+ 44. Ke2 Rd3 45. Rc4+ Nd4+ 46. Bxd4 exd4 47. b4 Rxg3 48. bxa5 Rg2+ 49. Kf1 Rxb2 50. a6 Rb6 51. a7 Ra6 52. Rc6 Rxa7 53. Rxg6 Rxa4 54. Re6+ Kf3 55. Ke1 d3 56. Kd2 Rxh4 57. Kxd3 Re4 58. Rh6 h4 59. Rh5 Kg4 60. Rh8 h3 61. Rg8+ Kf3 0-1

[Event "Mislata op 7th"]
[Site "Valencia"]
[Date "1998.08.20"]
[Round "8.20"]
[White "Uris Escolano, Miguel"]
[Black "Serrano Campos, Juan Antoni"]
[Result "1/2-1/2"]
[WhiteElo "2205"]
[BlackElo "2205"]
[PlyCount "24"]
[EventDate "1998.08.13"]
[EventType "swiss"]
[EventRounds "9"]
[EventCountry "ESP"]
[SourceTitle "EXT 2000"]
[Source "ChessBase"]
[SourceDate "1999.11.16"]
[SourceVersion "1"]
[SourceVersionDate "1999.11.16"]
[SourceQuality "1"]

1. d4 d5 2. Nf3 Nf6 3. e3 c6 4. Bd3 Bg4 5. Nbd2 e6 6. c3 Bd6 7. 0-0 0-0 8. e4 e5 9. dxe5 Bxe5 10. exd5 Qxd5 11. Qc2 Nbd7 12. Bc4 Qd6 1/2-1/2